000 00903nam a2200277 4500
003 EG-GICUC
005 20260205130624.0
008 260205s1934 fr ||||fr|||| 00| 0 fre d
040 _aEG-GiCUC
_bfre
_cEG-GiCUC
_dEG-GiCUC
_eRda
041 0 _afre
082 0 4 _221
_a341.81
_bGH . N
092 0 4 _221
099 _aLaw1 12 341.81 GH . N 1934
100 1 _aGhali, Paul
_eAuteur
245 1 4 _aLes nationa;ités détachées de lempire ottoman à la suite de la guerre /
_cPaul Ghali.
264 1 _aParis :
_bLes Éditions Domat-Montchrestien,
_c1934.
300 _a448 page ;
_c 24 cm.
336 _2rda contenu
_a texte
337 _2rda medias
_aOrdinateur
338 _2 transporteur rda
_a Ressource en ligne
546 _aTexte en français
650 1 4 _aDroit international privé
856 4 0 _uhttps://fll.law.cu.edu.eg/fulltext/bks/B12-02330.pdf
905 _a30
942 _2ddc
_cBK
_e21
_n0
999 _c61259
_d61259